01033nas a2200241Ia 4500001001100000003000900011008004100020040001300061040001300074041001300087100003800100210002100138222002100159245011500180250001100295260003600306501008600342300001000428310001200438362004300450500026200493650003600755R022/42857IT-RoPAU151124c99999999xx |||||||||||| ||und|| aIT-RoPAU cIT-RoPAU aITALIANO aAA.VV. gCodice Aut. SPICS: 12000 aINFORMAZIONI MCS aInformazioni Mcs aINFORMAZIONI MCS, ANNO 04-N.07/08 (LUGLIO-AGOSTO 1961)bInformazioni Mcs, Anno 04-N.07/08 (Luglio-Agosto 1961) a1a ed. aVICENZAbINFORMAZIONI MCSc1961 bPaulus - SPICS - Società San Paolo EM (non-commercial uses only)cCopyright2015 a40 p. aMENSILE aANNO 004, N.07/08 (LUGLIO-AGOSTO 1961) aBollettino della Commissione Regionale Dello Spettacolo per le Diocesi Venete. Giovanni Xxiii Esorta a Infondere Nell'Attività Cineradiotelevisiva il Contributo Positivo dei Valori Cristiani. Assemblea Diocesana Acec. Concretezza Sulla Crisi Morale del Ci aCINEMAvPUBBLICAZIONE PERIODICA